00459nam a22001577a 450000500170000001000150001702000260003203500140005803700130007208200100008510000190009524500640011426000490017827000530022730000210028020220721111435.0 aENG-133766 a9789386473011c195.00 aEN-116497 bDBAD/PUB a617.3 aSharma, Sushil aBones & Breaks:bTotal Orthopaedic Solution/cSushil Sharma aNew DelhibVitasta Publishing Pvt.Ltd.c2017 a2/15, Ansari Road, DariyaganjbNew Delhie110002 a113p.c18cm(pbk)